00385nam a2200121Ia 4500008004100000041001200041082002100053100005500074245006300129250001200192260004700204300001200251231217s9999 xx 000 0 und d aEnglish a001.6424 HOP R aHopcroft, John E Motwani, Rajeev Ullman, Jeffrey D 0aIntroduction to automata theory, languages and computation a2nd ed. c2001bPearson Education (Singapore)aDELHI axiv+521